000 01272nam a22003497a 4500
003 CHAP
005 20220329143130.0
008 060615d2006 mx abd r 00110 spa d
010 _a92405
011 _a93377
035 _a103949
040 _cCHAP
090 _aTesis
100 1 _aChavarría Sánchez, Manuel Román.
_922051
245 1 0 _aEstrategias para uso ganadero sustentable de un agostadero asociado a bosque de encino
_c/por Manuel Román Chavarría Sánchez
260 _aChapingo, Méx. :
_bEl autor,
_c2006
300 _a77 h. :
_bilus. ; mapas ; cuadros
502 _aTesis (Ing. en Recursos Naturales Renovables) -- UACH. Departamento de Suelos
590 _aALEPH
_b10
_c20130110
_lUCH01
_h1512
590 _aBATCH-UPD
_b10
_c20130110
_lUCH01
_h0931
590 _aBATCH-UPD
_b10
_c20130410
_lUCH01
_h0550
590 _aBATCH-UPD
_b10
_c20130913
_lUCH01
_h2212
590 _aCONVERSION
_b10
_c20130109
_lUCH01
_h1351
650 1 4 _aAgroforestería.
_92156
650 1 4 _aPastizales.
_985916
650 1 4 _aPastoreo.
_985984
901 _aBK
905 _aMarco A. Mendoza T.
942 _cFOLL
949 _aTesis
_bBC
_cTES
_d00000001039491
_eTS1
_gDonaciØn
_h45517
_i103949
_sb
949 _aTesis
_bBC
_cTES
_d33724000991089
_eTS2
_fc.2
_gDonaciØn
_h45518
_i103949
_si
999 _c92405
_d92405